Empires de fiction - Statistiques

Statistiques générales
  • Ce quiz a été pris 18 fois
  • Le résultat moyen est 5 sur 17
Statistiques - réponses
Empire Univers % Correct
Premier Ordre Star Wars
82%
Empire de Freezer Dragon Ball Z
76%
Empire Mahr L'Attaque des Titans
59%
Saint Empire de Britannia Code Geass
41%
Kree Marvel
41%
Nouvel Empire Dalek Doctor Who
35%
Arbaless Fairy Tail
35%
Nilfgaard The Witcher
35%
Vega Goldorak
29%
Empire de Xing Full Metal Alchemist
18%
Empire de Cyrodiil The Elder Scrolls
18%
Empire de Kakin Hunter X Hunter
6%
Ravka Six of Crows
6%
Empire des Iles Dishonored
0%
Nétheril Donjons & Dragons
0%
Dominion Star Trek
0%
Imperium de l'Humanité Warhammer 40000
0%
Aucun quiz correspondant
Distribution des résultats
% des personnes avec chaque résultat
Percentile par nombre de réponses
Votre historique - résultats
Vous n’avez pas pris ce quiz